000 00291nam a22001337a 4500
008 171103b xxu||||| |||| 00| 0 eng d
020 _a9789995648480
041 _aalb
080 _a33
100 _a60
101 _aBUS
245 _aMARKETINGU I SHERBIMEVE
_cBILLA,L.E
942 _2udc
_cBK
999 _c37429
_d37429